000 00617nam a2200205Ia 4500
003 OSt
005 20260218093841.0
020 _a978-0-8013-3249-4
040 _cLC
050 _aPE 1128 .A 2 P 47 2001
100 _aPEREGOY SUZANNE F
245 0 _aREADING, WRITING, AND LEARNING IN ESL: A RESOURSE BOOK FOR K-12 TEACHERS
250 _a3
260 _aNEW YORK,
_bADDISON WESLEY LONGMAN, INC,
_c2001,
300 _aXViii, 446 P, ILL
500 _aINCLUDES BIBLIOGRAPHICAL RFERENCES AND INDEX
650 _aENGLISH LANGUAGE-STUDY AND TEACHING-FOREIGN SPEAKERS
700 _aBOYLE OWEN F
942 _cBK
_2lcc
999 _c173821
_d173821